Lecturing and explaining /

Bibliographic Details
Main Author: Brown, George, 1935-
Format: Book
Language:English
Published: London : Methuen, 1978.
Subjects:

MARC

Tag First Indicator Second Indicator Subfields
LEADER 00000cam a2200000 i 4500
001 in00000099916
005 20150926125637.0
008 790620s1978 enk b 00110 eng
010 |a  79306625  
015 |a GB*** 
020 |a 0416709109 :  |c 7.50 
020 |a 0416709206 (pbk.) 
035 |a (OCoLC)05058878 
035 |9 AAL4079AM 
040 |a DLC  |c DLC  |d TXA  |d UtOrBLW 
049 |a TXAM  |c [1558495] 
050 0 0 |a LC6515  |b .B76 
082 0 |a 371.3/7 
100 1 |a Brown, George,  |d 1935- 
245 1 0 |a Lecturing and explaining /  |c George Brown. 
264 1 |a London :  |b Methuen,  |c 1978. 
300 |a x, 134 pages ;  |c 24 cm. 
336 |a text  |b txt  |2 rdacontent 
337 |a unmediated  |b n  |2 rdamedia 
338 |a volume  |b nc  |2 rdacarrier 
500 |a Includes index. 
504 |a Bibliography : pages [126]-131. 
650 0 |a Lectures and lecturing. 
999 |a MARS 
999 f f |s ea9af2c2-9864-3553-a0bb-0080ac7c6b10  |i 2725161c-7e34-3030-b88a-a9ccafd861e2  |t 0 
952 f f |p normal  |a Texas A&M University  |b College Station  |c Sterling C. Evans Library  |d Evans: Library Stacks  |t 0  |e LC6515 .B76  |h Library of Congress classification  |i unmediated -- volume  |m A14803333996 
998 f f |a LC6515 .B76  |t 0  |l Evans: Library Stacks